| 000 | 00447nam a2200157Ia 4500 | ||
|---|---|---|---|
| 008 | 160316s1981 xxu||||| |||| 00| 0 eng d | ||
| 082 |
_a338.900000 _bSTO |
||
| 100 | _aStockwell Edward G | ||
| 245 | _aThird world development : Problems and prospects | ||
| 250 | _a | ||
| 260 |
_aChicago _bNelson-Hall _c1981 |
||
| 300 |
_a352 _b20 cm _cxv |
||
| 365 | _b | ||
| 650 | _a1. Economic Development - Third World Countries | ||
| 700 |
_aLaidlaw Karen A _a |
||
| 999 |
_c3745 _d3745 |
||